IMDb Poll: The Most Powerful Moments in Cinema (1974-2014) - Statistics

General Stats
  • This quiz has been taken 268 times
  • The average score is 10 of 20
Answer Stats
# Description Answer % Correct
3 Darth Vader's revelation to Luke Skywalker. The Empire Strikes Back
96%
10 "When The Dinosaurs Ruled the Earth" sign falls as the Tyranosaurus Rex roars. Jurassic Park
89%
6 Gandalf yells "You Shall Not Pass!" The Fellowship of the Ring
86%
19 Nina dances the Black Swan. Black Swan
84%
9 Jack's Death. Titanic
74%
4 What's in the box? Se7en
72%
12 "Adrian!" Rocky
65%
1 Andy escapes. The Shawshank Redemption
65%
5 Jules' "Ezekiel 25:17" Speech. Pulp Fiction
64%
13 Sophie makes her choice. Sophie's Choice
64%
2 Oskar's Farewell to the Survivors. Schindler's List
51%
15 Daniel Plainview yells "I've abanoned my child!" There Will Be Blood
41%
7 Lee Woo-jin reveals the truth to Oh Dae-su. Oldboy
34%
11 Solomon North reunites with his family 12 Years a Slave
28%
16 Michael's reaction to the death of his daughter. The Godfather: Part III
27%
14 The death of Sgt. Elias. Platoon
25%
8 Howard Beale's "I'm Mad as Hell" Speech. Network
24%
18 Frank Slade defends Charlie at the hearing. Scent of a Woman
13%
17 Rayon utters "I don't want to die." Dallas Buyers Club
7%
20 Selma's execution. Dancer in the Dark
6%
No matching quizzes found
Score Distribution
Percent of People with Each Score
Percentile by Number Answered
Your Score History
You have not taken this quiz